• 首页
  • 本馆介绍
  • 公告通知
  • 最新文献
  • 馆藏检索
  • 电子资源
  • 读者导购
  • 参考咨询
  • 我的图书馆
  • 登录
  • 详细信息显示
  • 放入我的书架
  • 预约/预借图书
  • 作者相关作品
  • 分类相关作品
  • 丛书相关作品
  • 出版社相关作品

书目信息

  • 表格格式
  • 工作单格式
  • 卡片格式
题名:
如何成为广告策划高手
    
 
作者: 西等 著 ;荆红艳 译
分册:  
出版信息: 北京   北京大学出版社  2005
页数: 208页
开本: 23cm
丛书名: 时代光华经管大系
单 册:
中图分类: F713.81
科图分类:
主题词: 广告--策划 , 广告 , 策划
电子资源:
ISBN: 7-301-08159-6
000 01005oam2 2200289 450
001 012007737811
005 20070517090708.70
010    @a7-301-08159-6@dCNY28.00
100    @a20070514d2005 km y0chiy0120 ea
101 1  @achi@cjpn
102    @aCN@b110000
105    @ay z 000yy
106    @ar
200 1  @a如何成为广告策划高手@Aru he cheng wei guang gao ce hua gao shou@f(日)西等著@F(ri)xi deng zhu@g荆红艳译@Gjing hong yan yi
210    @a北京@c北京大学出版社@d2005
215    @a208页@d23cm
225 2  @a时代光华经管大系@i东方管理智慧译丛
330    @a本书是作者丰富的广告策划实践的经验总结,作者在以大型广告代理公司·博报堂为首的广告行业驰骋30年,提交广告宣传计划书合计高达500余次,将自己领会到的广告策划秘诀提供给大家。
462  0 @12001 @a东方管理智慧译丛
606 0  @a广告@x策划
606 0  @a广告
606 0  @a策划
690    @aF713.81@v4
701  0 @c(日)@a西等@Axi deng@4著
702  0 @a荆红艳@Ajing hong yan@4译
801  0 @aCN@bRULIN@c20070517
905    @dF713.81@e272@s8
    
    如何成为广告策划高手/(日)西等著/荆红艳译.-北京:北京大学出版社,2005
    208页;23cm.-(时代光华经管大系.东方管理智慧译丛)
    
    
    ISBN 7-301-08159-6:CNY28.00
    本书是作者丰富的广告策划实践的经验总结,作者在以大型广告代理公司·博报堂为首的广告行业驰骋30年,提交广告宣传计划书合计高达500余次,将自己领会到的广告策划秘诀提供给大家。
●
相关链接 在E读中查询图书 在五车中查询图书 在当当中查询图书 在豆瓣中查询图书


正题名:如何成为广告策划高手     索取号:F713.81/272         预约/预借

序号 登录号 条形码 馆藏地/架位号 状态 备注
1 0577661   205776613   第一样本阅览室/ [索取号:F713.81/272] 在馆    
2 0577662   205776622   密集书库/ [索取号:F713.81/272] 在馆    
3 0577663   205776631   第一借阅区/ [索取号:F713.81/272] 在馆    
4 0577664   205776640   第一借阅区/ [索取号:F713.81/272] 在馆    
5 0577665   205776659   第一借阅区/ [索取号:F713.81/272] 在馆    
6 0577666   205776668   第一借阅区/ [索取号:F713.81/272] 在馆    
7 0577667   205776677   第一借阅区/ [索取号:F713.81/272] 在馆    
8 0577668   205776686   密集书库/ [索取号:F713.81/272] 在馆    
唐山师范学院图书馆 欢迎您!
大连网信软件有限公司© 版权所有